The New Age Force Gayatri (Record no. 1249311)

MARC details
000 -LEADER
fixed length control field 00485nam a2200193Ia 4500
008 - FIXED-LENGTH DATA ELEMENTS--GENERAL INFORMATION
fixed length control field 151121s9999||||xx |||||||||||||| ||und||
082 ## - DEWEY DECIMAL CLASSIFICATION NUMBER
Classification number 294।592 /RAW
082 ## - DEWEY DECIMAL CLASSIFICATION NUMBER
Item number HNW-67817
100 ## - MAIN ENTRY--PERSONAL NAME
Personal name Rawal A।N।
245 #4 - TITLE STATEMENT
Title The New Age Force Gayatri
260 ## - PUBLICATION, DISTRIBUTION, ETC. (IMPRINT)
Name of publisher, distributor, etc B।V।B।Bombay।
260 ## - PUBLICATION, DISTRIBUTION, ETC. (IMPRINT)
Date of publication, distribution, etc --
300 ## - PHYSICAL DESCRIPTION
Extent 54
600 ## - SUBJECT ADDED ENTRY--PERSONAL NAME
Personal name Rawal A।N।
630 ## - SUBJECT ADDED ENTRY--UNIFORM TITLE
Uniform title The New Age Force Gayatri
700 ## - ADDED ENTRY--PERSONAL NAME
Personal name Rawal A।N।
730 ## - ADDED ENTRY--UNIFORM TITLE
Uniform title The New Age Force Gayatri
942 ## - ADDED ENTRY ELEMENTS (KOHA)
Koha item type Book
Holdings
Withdrawn status Lost status Damaged status Not for loan Home library Current library Date acquired Cost, normal purchase price Total Checkouts Full call number Barcode Date last seen Cost, replacement price Price effective from Koha item type
        Hirachand Nemchand Wachanalaya, Solapur Hirachand Nemchand Wachanalaya, Solapur 11/21/2015 15.00   HNW-67817 HNW-67817 11/21/2015 15.00 11/21/2015 Book